000 00852cam a2200241 a 4500
001 000002596
005 20200929150224.0
008 831207s1983 nq 001 0 spa
040 _aDO-SdBNP
_cDLC
_dDLC
_dOCoLC
082 _aN861.42
_bM828ó, 1983
100 1 _aMorales Avilés, Ricardo,
_d1939-1973.
_98177
245 1 0 _aObras :
_bno pararemos de andar jamás /
_cRicardo Morales Avilés.
250 _a2a ed.
260 _aManagua, Nicaragua :
_bNueva Nicaragua,
_c1983.
300 _a172 p. ;
_c22 cm.
440 0 _aPensamiento vivo ;
_v3
_98178
500 _aBibliografía: p. 172
534 _aTítulo de la primera edición: Prosa política y poemas, 1981.
650 4 _aPoesía nicaraguense
_98179
650 4 _aLiteratura nicaraguense
_98180
710 2 _aInstituto de Estudio del Sandinismo.
_98181
910 _aCatalogación por copia / LC
999 _c2432
_d2432